000 00645nam a22002057a 4500
999 _c157774
_d157774
005 20180929120033.0
010 _aENG-124130
020 _a9789387472815
_c650.00
035 _aEN-107662
037 _bDBAD/PUB
082 _a658.3
100 _aPattanayak, Biswajeet
245 _aHuman resource management /
_cby Biswajeet Pattanayak
250 _a5th ed.
260 _c2018
_aDelhi
_bPHI Learning Pvt. Ltd.
270 _bDelhi
_aRimjhim House, 111, Patparganj Industrial Estate,
_e110092
300 _axx,718p.
_c26cm.(pbk)
_bill.
500 _aIt includes suggested readings and index
942 _2ddc
_cEN
_h658.3
_mPAT